000 00296 a2200121 4500
000 nam a22 7a 4500
005 20260207153323.0
020 _a9789348433343
100 _aVasudev Sharan Agrawal
_91114382
245 _aBharat Savitri
260 _bShivalik Prakashan
_c2026
942 _cTEXL
999 _c1678926
_d1678926